U.S.A. : pieces for easy reading

Αποθηκεύτηκε σε:
Λεπτομέρειες βιβλιογραφικής εγγραφής
Κύριος συγγραφέας: Melrose, Georgina
Μορφή: Βιβλίο
Γλώσσα:Undetermined
Έκδοση: Londres, Inglaterra University of London Press 1969
Θέματα:
Ετικέτες: Προσθήκη ετικέτας
Δεν υπάρχουν, Καταχωρήστε ετικέτα πρώτοι!

MARC

LEADER 00000nam a2200000Ia 4500
008 170316s9999 xx 000 0 und d
040 |a cru BVZT 
090 |a 810 M-33u 
100 |a Melrose, Georgina 
245 |a U.S.A. : pieces for easy reading 
260 |a Londres, Inglaterra 
260 |b University of London Press 
260 |c 1969 
300 |a 64 páginas 
650 |a LITERATURA ESTADOUNIDENSE 
999 |c 5910  |d 5910 
942 |c 15 D  |h 810 M-33u  |2 z